| 000 | 01064nam a2200253Ia 4500 | ||
|---|---|---|---|
| 003 | OSt | ||
| 005 | 20220923211416.0 | ||
| 006 | a|||||r|||| 00| 0 | ||
| 007 | ta | ||
| 008 | 220922b |||||||| |||| 00| 0 hin d | ||
| 020 |
_a9788191077360 (hbk) _c550 |
||
| 024 | _a245,492 | ||
| 037 |
_b371, 11/02/2011, Swaraj Prakashan _cTextual |
||
| 040 |
_aARTS _cARTS _bhin |
||
| 041 |
_2hin _ahin |
||
| 082 | _aY15-5927.2, 152Q1 | ||
| 100 | _aतेज सिंह | ||
| 245 | 0 |
_aअम्बेडकरवादी स्त्री - चिंतन _b सामाजिक शोषण के खिलाफ आत्मवृत्तात्मक संघर्ष |
|
| 246 | _aAmbeḍakaravādī strī - chiantana: sāmājik shoṣhaṇ ke khilāf ātmavṛuttātmak sangharṣha | ||
| 260 |
_aनई दिल्ली _b स्वराज प्रकाशन _c2011 |
||
| 300 |
_a234पृ. _ccm. |
||
| 942 |
_hY15-5927.2, 152Q1 _cTEXL _2CC |
||
| 999 |
_c299199 _d299199 |
||